Taylor Swift - Paroles Dress - Statistiques

Statistiques générales
  • Ce quiz a été pris 247 fois
    71 depuis la dernière actualisation
  • Le résultat moyen est 409 sur 464
Statistiques - réponses
Hint Réponse % Correct
a
100%
Ah
100%
an
100%
and
100%
And
100%
I
100%
in
100%
In
100%
of
100%
you
100%
You
100%
just
98%
me
98%
off
98%
on
98%
the
98%
this
98%
your
98%
Your
98%
best
96%
don't
96%
dress
96%
My
96%
my
96%
so
96%
take
96%
Take
96%
They
96%
they
96%
when
96%
Pré-Chorus All
93%
all
93%
friend
93%
it
93%
like
93%
no
93%
Chorus Say
93%
want
93%
about
91%
could
91%
everything
91%
is
91%
name
91%
Only
91%
only
91%
idea
89%
stops
89%
bought
87%
got
87%
room
87%
There
87%
Bridge Flashback
84%
from
84%
shape
84%
tattoo
84%
are
82%
even
82%
Even
82%
golden
82%
hands
82%
Couplet 1 Our
82%
secret
82%
to
82%
we
82%
by
80%
crowded
80%
Made
80%
made
80%
met
80%
back
78%
'Cause
78%
hair
78%
mark
78%
mistakes
78%
moments
78%
shaking
78%
side
78%
silence
78%
time
78%
up
78%
wake
78%
were
78%
we're
78%
worst
78%
but
76%
Now
76%
saw
76%
waiting
76%
buzzcut
73%
can't
73%
woke
73%
bleached
71%
into
71%
not
71%
that
71%
at
69%
holding
69%
I'm
69%
know
69%
nothing
69%
patience,
69%
patience
69%
times
69%
truth
69%
least
67%
anticipation
64%
if
64%
us
64%
both
62%
electrified
62%
lies
62%
drunk
60%
earthquakes
60%
explain
60%
face
60%
get
60%
kiss
60%
lifeline
60%
one
60%
rebounds
60%
shake
60%
thinks
60%
bathtub
58%
bedpost
58%
burned
58%
Everyone
58%
try
58%
gonna
56%
Carve
49%
pinning
49%
indentation
47%
desperately
44%
wine
44%
Couplet 2 Inescapable
42%
pining
42%
spilling
42%
didn't
18%
Aucun quiz correspondant
Distribution des résultats
% des personnes avec chaque résultat
Percentile par nombre de réponses
Votre historique - résultats
Vous n’avez pas pris ce quiz depuis la dernière actualisation